Nancy Meyers Cast - Sudden Death - Statistics

General Stats
  • This quiz has been taken 17 times
  • The average score is 7 of 19
Answers on the Grid
Answers color-coded by a green-red scale on the quiz's grid according to % correct below.
Mel Gibson
Alan Arkin
Macaulay Culkin
Keanu Reeves
Meryl Streep
Danny Trejo
Holly Hunter
Franka Potente
Jack Nicholson
Jim Broadbent
Marisa Tomei
Alan Alda
Sandra Hüller
Catherine O'Hara
Kieran Culkin
Daryl Sabara
Frances McDormand
Jon Favreau
Eric Bana
Emily Blunt
John Krasinski
Steve Martin
Cameron Diaz
Judd Apatow
Alec Baldwin
Rene Russo
Ron Howard
Emma Stone
Anne Hathaway
Kevin James
Jenny O'Hara
Ben Stiller
Laurence Fishburne
Sam Rockwell
Dustin Hoffman
Florence Pugh
Jack Black
Sarah Silverman
Diane Keaton
Robert De Niro
 
Answer Stats
Answer % Correct
Meryl Streep
88%
Mel Gibson
75%
Jack Nicholson
63%
Keanu Reeves
63%
Anne Hathaway
50%
Diane Keaton
50%
John Krasinski
50%
Steve Martin
50%
Marisa Tomei
38%
Alan Alda
25%
Alec Baldwin
25%
Cameron Diaz
25%
Jon Favreau
25%
Frances McDormand
13%
Jack Black
13%
Rene Russo
13%
Robert De Niro
13%
Florence Pugh
0%
Kieran Culkin
0%
No matching quizzes found
Score Distribution
Percent of People with Each Score
Percentile by Number Answered
Your Score History
You have not taken this quiz